000
00226 a2200097 4500
001
36587
100
_a
Ahmad Shusha Pasha
245
_a
Darya ke Payas
260
_a
Pakistan
_b
Sang-e-Meel Publication
_c
090
_c
23643
_d
23643
942
_a
NUST-CAE
_c
M
_c
15162
999
_c
271660
_d
271660